Mongolia - Multiple Choice - Statistics

General Stats
  • This quiz has been taken 63 times
  • The average score is 11 of 16
Answer Stats
Question Answer % Correct
What animal is often used to symbolize Mongolia Horse
98%
Which of these languages is Mongolian? Хэрэв зээ Монголчууд Манж-го улсыг хүлээн зөвшөөрвөл Япон
82%
Which of these terms refers to a region of Mongolia aimag
80%
Which of these dishes is Mongolian Khuushuur
80%
What does not apply to the geography of Mongolia Taklamakan Desert
80%
What will Mongolia look like in Mongolian? Монгол Улс
78%
What do the Mongols call their yurt? Ger
78%
Which of these cities is named after a real person? Sükhbaatar
76%
Which of these cities does not belong to Mongolia Baotou
69%
Which of these peoples is not Mongolian Nanai people
64%
Who is Jügderdemidiin Gürragchaa? cosmonaut researcher
62%
Which of these countries was not conquered by the Mongol Empire Thailand
58%
when Mongolia gained independence from China? 1911
51%
Which of them was not a Mongol Khan Batu
49%
Which of these cities is furthest south? Dalnzadgad
42%
Which of these is not invented in Mongolia? Smoke filter
18%
No matching quizzes found
Score Distribution
Percent of People with Each Score
Percentile by Number Answered
Your Score History
You have not taken this quiz